Movies Quiz

Random Movies or Quote Quiz

Rick Blaine's Farewell Quiz Stats

 Plays Quiz Updated Oct 19, 2016

Challenge
Share
Tweet
Embed
Score 0/162 Timer 08:00
2 Plays Today
% Correct
a
97%
a
97%
you
96.3%
you
96.3%
you.')
96.3%
you
96.3%
you
96.3%
you
96.3%
you,
96.3%
I
96.1%
I
96.1%
the
89.9%
the
89.9%
the
89.9%
the
89.9%
to
89.1%
to
89.1%
to
89.1%
to
89.1%
to
89.1%
we
87.3%
We
87.3%
we...
87.3%
we
87.3%
We
87.3%
of
84.5%
of
84.5%
of
84.5%
of.
84.5%
of
84.5%
of
84.5%
be
82.7%
have
82.2%
have...
82.2%
(Ilsa: 'But
81.9%
no
81.8%
and
81.7%
and
81.7%
And
81.7%
at
79.9%
at
79.9%
do,
79.4%
do,
79.4%
it
79.3%
it.
79.3%
it
79.3%
it
79.3%
it
79.3%
not
77.6%
not
77.6%
not
77.6%
in
77.2%
but
77%
But
77%
% Correct
but
77%
kid.
76.6%
looking
76.3%
always
76.3%
Here's
76.2%
that
75.4%
that
75.4%
that
75.4%
that.
75.4%
your
75.3%
Paris.
74.7%
for
74.5%
this
72.9%
We'll
72.8%
will.
71.5%
(Ilsa:'When
70.4%
don't
69.3%
what
68.5%
What
68.5%
plane
67.2%
Maybe
66.5%
Maybe
66.5%
today.
66.5%
world.
66.4%
life.
66.2%
tomorrow,
66.2%
with
64.8%
with
64.8%
can't
64.3%
can't
64.3%
You're
63.9%
you're
63.9%
leave
63.8%
If
63.2%
us,
62.9%
us?')
62.9%
rest
62.5%
beans
62%
hill
61.7%
know
61.5%
him
60.8%
him,
60.8%
regret
60.1%
about
59.6%
you'll
59.6%
you'll
59.6%
I'm
59.2%
I'm
59.2%
I'm
59.2%
going.
58.4%
going,
58.4%
crazy
58.4%
amount
57.8%
Where
57%
% Correct
people
57%
soon
56.9%
never
55.9%
never
55.9%
see
55.3%
got
53.8%
got
53.8%
got
53.8%
Ilsa,
53.6%
good
53%
would
52.5%
part
51.8%
part
51.8%
problems
50.6%
leaves
50.6%
Now,
50%
now...
50%
both
48.4%
said
48.2%
take
48.2%
I've
47.7%
I've
47.7%
his
47.4%
any
47.4%
thing
46.9%
little
46.5%
Casablanca.
46.4%
Someday
46.2%
three
46%
Victor.
45.9%
doesn't
45.5%
ground
44.8%
back
44.6%
job
44%
keeps
43.6%
lost
42.5%
belong
42.2%
night.
42.2%
came
41.7%
last
40.8%
follow.
40.1%
work,
39.9%
too.
38.9%
understand
38.2%
didn't
38.1%
it's
38%
saying
37.9%
much
37.4%
because
36.2%
being
36.1%
until
33.9%
noble,
32.8%
true.
29.3%
Inside
20.9%

You're not logged in!

Compare scores with friends on all Sporcle quizzes.
Join for Free
OR
Log In

You Might Also Like...

Show Comments

Extras

Top Quizzes Today


Score Distribution

Your Account Isn't Verified!

In order to create a playlist on Sporcle, you need to verify the email address you used during registration. Go to your Sporcle Settings to finish the process.

Report this User

Report this user for behavior that violates our Community Guidelines.

Details: